Which City in the Americas? - Statistics

General Stats
  • This quiz has been taken 277 times
  • The average score is 13 of 16
Answer Stats
Description City % Correct
Capital of Cuba H Havana
99%
Most Populated City in Canada T Toronto
99%
Most Populated City in Colorado, U.S.A D Denver
98%
Capital of Canada O Ottawa
97%
One of most Populated Cities in the U.S but less commonly known as " The City of Angels" L Los Angeles
96%
Largest City by Population in North America M Mexico City
95%
Largest City by Population in Venezuela? C Caracas
94%
Most Populated City in South America according to Wikipedia? L Lima
88%
Southern City in Mexico G Guadalajara
86%
This City is also known as "The Big Apple" N New York City
85%
6th Most Populated City in North America S San Francisco
84%
In the U.S Known as "The Biggest Little City in the World" R Reno
65%
Least Populated U.S State Capital? P Pierre
49%
Popular Tourist Destination in the Caribbean and This City speaks most Primarily Spanish S San Juan
47%
The Southernmost City in South America? U Ushuaia
40%
City in Virginia where the British surrendered in the Revolutionary War Y Yorktown
40%
No matching quizzes found
Score Distribution
Percent of People with Each Score
Percentile by Number Answered
Your Score History
You have not taken this quiz